000 00236 a2200097 4500
001 51368
100 _aPayne K B
245 _aLaser Weapons in Space Policy and Doctrine
260 _aBoulder
_bWestview Press
_c
090 _c32558
_d32558
942 _aNUST-CAE
_cM
_c25067
999 _c286441
_d286441